<?xml version="1.0" encoding="UTF-8"?>
<record
    xmlns:xsi="http://www.w3.org/2001/XMLSchema-instance"
    xsi:schemaLocation="http://www.loc.gov/MARC21/slim http://www.loc.gov/standards/marcxml/schema/MARC21slim.xsd"
    xmlns="http://www.loc.gov/MARC21/slim">

  <leader>01598nam a2200337 a 4500</leader>
  <controlfield tag="005">20241202091239.0</controlfield>
  <controlfield tag="008">100311s2012||||mx a   f |||| 001 0 spa d</controlfield>
  <datafield tag="020" ind1=" " ind2=" ">
    <subfield code="a">9781456263560</subfield>
  </datafield>
  <datafield tag="041" ind1=" " ind2=" ">
    <subfield code="a">spa</subfield>
  </datafield>
  <datafield tag="092" ind1=" " ind2=" ">
    <subfield code="c">615</subfield>
    <subfield code="l">8</subfield>
    <subfield code="s">BRU</subfield>
  </datafield>
  <datafield tag="100" ind1="1" ind2=" ">
    <subfield code="a">Brunton, Laurence L.</subfield>
    <subfield code="e">Ed.</subfield>
    <subfield code="9">555</subfield>
  </datafield>
  <datafield tag="245" ind1=" " ind2=" ">
    <subfield code="a">Goodman &amp; Gilman.</subfield>
    <subfield code="b">Las bases farmacol&#xF3;gicas de la terap&#xE9;utica /  </subfield>
    <subfield code="c">Laurence L. Brunton</subfield>
  </datafield>
  <datafield tag="250" ind1=" " ind2=" ">
    <subfield code="a">13a ed.</subfield>
    <subfield code="b">Traducci&#xF3;n Carlos Timossi Baldi</subfield>
  </datafield>
  <datafield tag="260" ind1=" " ind2=" ">
    <subfield code="a">M&#xE9;xico: </subfield>
    <subfield code="b">McGraw-Hill Interamericana;</subfield>
    <subfield code="c">2019.</subfield>
  </datafield>
  <datafield tag="300" ind1=" " ind2=" ">
    <subfield code="a">1419 p.</subfield>
  </datafield>
  <datafield tag="500" ind1=" " ind2=" ">
    <subfield code="a">Brunton, L., Randa H. D. y Knollmann, B. (Eds). (2019). Goodman &amp; Gilman. Las bases farmacol&#xF3;gicas de la terap&#xE9;utica. (13a ed.). M&#xE9;xico : McGraw-Hill Interamericana. </subfield>
  </datafield>
  <datafield tag="653" ind1=" " ind2=" ">
    <subfield code="a">Principios generales</subfield>
  </datafield>
  <datafield tag="653" ind1=" " ind2=" ">
    <subfield code="a">Neurofarmacolog&#xED;a</subfield>
  </datafield>
  <datafield tag="653" ind1=" " ind2=" ">
    <subfield code="a">Modulaci&#xF3;n de las funciones cardiovasculares</subfield>
  </datafield>
  <datafield tag="653" ind1=" " ind2=" ">
    <subfield code="a">Inflamaci&#xF3;n, inmunomodelaci&#xF3;n y hematopoyesis</subfield>
  </datafield>
  <datafield tag="653" ind1=" " ind2=" ">
    <subfield code="a">Hormonas y antagonistas hormonales</subfield>
  </datafield>
  <datafield tag="653" ind1=" " ind2=" ">
    <subfield code="a">F&#xE1;rmacos que modifican la funci&#xF3;n gastrointestinal</subfield>
  </datafield>
  <datafield tag="653" ind1=" " ind2=" ">
    <subfield code="a">Quimioterapia de las enfermedades microbianas</subfield>
  </datafield>
  <datafield tag="653" ind1=" " ind2=" ">
    <subfield code="a">Tratamiento farmacol&#xF3;gico de las enfermedades neopl&#xE1;sicas</subfield>
  </datafield>
  <datafield tag="653" ind1=" " ind2=" ">
    <subfield code="a">Farmacolog&#xED;a de aparatos y sistemas especiales</subfield>
  </datafield>
  <datafield tag="653" ind1=" " ind2=" ">
    <subfield code="a">Ap&#xE9;ndice I: Principios de la redacci&#xF3;n de prescripciones m&#xE9;dicas (recetas) e instrumentos para el apego del paciente a la prescripci&#xF3;n</subfield>
  </datafield>
  <datafield tag="653" ind1=" " ind2=" ">
    <subfield code="a">Ap&#xE9;ndice II: Dise&#xF1;o y optimizaci&#xF3;n de reg&#xED;menes posol&#xF3;gicos: datos farmacocin&#xE9;ticos</subfield>
  </datafield>
  <datafield tag="700" ind1="1" ind2=" ">
    <subfield code="a">Randa, Hilal-Dandan</subfield>
    <subfield code="9">1956</subfield>
    <subfield code="e">Ed.</subfield>
  </datafield>
  <datafield tag="700" ind1="1" ind2=" ">
    <subfield code="a">Knollmann, Bj&#xF6;rn C.</subfield>
    <subfield code="9">1957</subfield>
    <subfield code="e">Ed.</subfield>
  </datafield>
  <datafield tag="942" ind1=" " ind2=" ">
    <subfield code="2">ddc</subfield>
    <subfield code="c">BK</subfield>
    <subfield code="0">5</subfield>
  </datafield>
  <datafield tag="999" ind1=" " ind2=" ">
    <subfield code="c">3130</subfield>
    <subfield code="d">3130</subfield>
  </datafield>
  <datafield tag="952" ind1=" " ind2=" ">
    <subfield code="0">0</subfield>
    <subfield code="1">0</subfield>
    <subfield code="2">ddc</subfield>
    <subfield code="4">0</subfield>
    <subfield code="7">0</subfield>
    <subfield code="8">NFIC</subfield>
    <subfield code="a">BFM</subfield>
    <subfield code="b">BFM</subfield>
    <subfield code="c">CR</subfield>
    <subfield code="d">2022-02-22</subfield>
    <subfield code="e">Compra UNCo 2022</subfield>
    <subfield code="g">16848.00</subfield>
    <subfield code="l">26</subfield>
    <subfield code="m">12</subfield>
    <subfield code="o">615 8 BRU</subfield>
    <subfield code="p">4763</subfield>
    <subfield code="r">2026-03-13</subfield>
    <subfield code="s">2026-03-13</subfield>
    <subfield code="t">Ej. 23</subfield>
    <subfield code="w">2022-02-22</subfield>
    <subfield code="y">BK</subfield>
    <subfield code="f"></subfield>
  </datafield>
  <datafield tag="952" ind1=" " ind2=" ">
    <subfield code="0">0</subfield>
    <subfield code="1">0</subfield>
    <subfield code="2">ddc</subfield>
    <subfield code="4">0</subfield>
    <subfield code="7">0</subfield>
    <subfield code="8">NFIC</subfield>
    <subfield code="a">BFM</subfield>
    <subfield code="b">BFM</subfield>
    <subfield code="c">CR</subfield>
    <subfield code="d">2022-02-22</subfield>
    <subfield code="e">Compra UNCo 2022</subfield>
    <subfield code="g">16848.00</subfield>
    <subfield code="l">31</subfield>
    <subfield code="m">9</subfield>
    <subfield code="o">615 8 BRU</subfield>
    <subfield code="p">4764</subfield>
    <subfield code="r">2026-06-02</subfield>
    <subfield code="s">2026-05-27</subfield>
    <subfield code="t">Ej. 24</subfield>
    <subfield code="w">2022-02-22</subfield>
    <subfield code="y">BK</subfield>
    <subfield code="z">Sede Tordos.</subfield>
    <subfield code="f"></subfield>
  </datafield>
  <datafield tag="952" ind1=" " ind2=" ">
    <subfield code="0">0</subfield>
    <subfield code="1">0</subfield>
    <subfield code="2">ddc</subfield>
    <subfield code="4">0</subfield>
    <subfield code="7">0</subfield>
    <subfield code="8">NFIC</subfield>
    <subfield code="a">BFM</subfield>
    <subfield code="b">BFM</subfield>
    <subfield code="c">CR</subfield>
    <subfield code="d">2022-02-22</subfield>
    <subfield code="e">Compra UNCo 2022</subfield>
    <subfield code="g">16848.00</subfield>
    <subfield code="l">28</subfield>
    <subfield code="m">4</subfield>
    <subfield code="o">615 8 BRU</subfield>
    <subfield code="p">4765</subfield>
    <subfield code="r">2026-04-22</subfield>
    <subfield code="s">2026-04-16</subfield>
    <subfield code="t">Ej. 25</subfield>
    <subfield code="w">2022-02-22</subfield>
    <subfield code="y">BK</subfield>
    <subfield code="f"></subfield>
  </datafield>
  <datafield tag="952" ind1=" " ind2=" ">
    <subfield code="0">0</subfield>
    <subfield code="1">0</subfield>
    <subfield code="2">ddc</subfield>
    <subfield code="4">0</subfield>
    <subfield code="7">0</subfield>
    <subfield code="8">NFIC</subfield>
    <subfield code="a">BFM</subfield>
    <subfield code="b">BFM</subfield>
    <subfield code="c">CR</subfield>
    <subfield code="d">2022-02-22</subfield>
    <subfield code="e">Compra UNCo 2022</subfield>
    <subfield code="g">16848.00</subfield>
    <subfield code="l">39</subfield>
    <subfield code="m">7</subfield>
    <subfield code="o">615 8 BRU</subfield>
    <subfield code="p">4766</subfield>
    <subfield code="q">2026-06-01</subfield>
    <subfield code="r">2026-05-22</subfield>
    <subfield code="s">2026-05-22</subfield>
    <subfield code="t">Ej. 26</subfield>
    <subfield code="w">2022-02-22</subfield>
    <subfield code="y">BK</subfield>
    <subfield code="z">Sede Tordos.</subfield>
    <subfield code="f"></subfield>
  </datafield>
  <datafield tag="952" ind1=" " ind2=" ">
    <subfield code="0">0</subfield>
    <subfield code="1">0</subfield>
    <subfield code="2">ddc</subfield>
    <subfield code="4">0</subfield>
    <subfield code="7">0</subfield>
    <subfield code="8">NFIC</subfield>
    <subfield code="a">BFM</subfield>
    <subfield code="b">BFM</subfield>
    <subfield code="c">CR</subfield>
    <subfield code="d">2022-02-22</subfield>
    <subfield code="e">Compra UNCo 2022</subfield>
    <subfield code="g">16848.00</subfield>
    <subfield code="l">40</subfield>
    <subfield code="m">7</subfield>
    <subfield code="o">615 8 BRU</subfield>
    <subfield code="p">4767</subfield>
    <subfield code="q">2027-05-26</subfield>
    <subfield code="r">2026-05-26</subfield>
    <subfield code="s">2026-05-26</subfield>
    <subfield code="t">Ej. 27</subfield>
    <subfield code="w">2022-02-22</subfield>
    <subfield code="y">BK</subfield>
    <subfield code="z">Sede Tordos.</subfield>
    <subfield code="f"></subfield>
  </datafield>
</record>
